000 00764nas a2200217Ia 4500
008
049 _aMAIN
090 _aTN871.15
_bPRO
110 2 _a1994 SPE Annual Technical Conference and Exhibition.
245 1 0 _aProceedings of the 1994 SPE Annual Technical Conference and Exhibition /
_cSociety of Petroleum Engineers (SPE)
260 _a[Richardson, Texas] :
_bSociety of Petroleum Engineers (SPE),
_c1994.
300 _a539 p. ;
_c28 cm.
490 _aReservoir engineering
_v1.
500 _aEach paper has own SPE number.
650 0 _aPetroleum engineering
_xCongresses.
907 _a.b10332728
_b10-06-13
_c10-06-13
003
005 20230123122016.0
040 _cNUST
942 _cBOOKS
_kTN871.15
_mPRO
999 _c126220
_d126220